Die größten Länder der Erde - Statistiken

Allgemein
  • Dieses Quiz wurde 326 mal gespielt
  • Das Durchschnittsergebnis liegt bei 13 aus 15
Antwortstatistiken
Fläche Land % Korrekt
17.075.400 km² Russland
100%
9.976.140 km² Kanada
99%
9.629.091 km² USA
99%
9.596.960 km² China
98%
7.686.850 km² Australien
97%
8.511.965 km² Brasilien
97%
3.287.590 km² Indien
94%
2.766.890 km² Argentinien
90%
1.972.550 km² Mexiko
87%
2.717.300 km² Kasachstan
83%
2.381.741 km² Algerien
80%
2.345.410 km² Demokratische Republik Kongo
80%
1.960.582 km² Saudi-Arabien
74%
2.505.810 km² Sudan
67%
2.166.086 km² Grönland
18%
Keine übereinstimmenden Quizze gefunden
Verteilung der Resultate
Anzahl Personen mit jedem Resultat
Perzentil nach korrekt beantworteten Fragen
Ihre Resultats-Entwicklung
Sie haben dieses Quiz noch nicht gespielt